Labour in global value chains: work conditions in football manufacturing in China, India and Pakistan /
Guardado en:
| Hovedforfatter: | |
|---|---|
| Andre forfattere: | , , , |
| Format: | Texto |
| Tags: |
Tilføj Tag
Ingen Tags, Vær først til at tagge denne postø!
|
MARC
| LEADER | 00000 a a2200000 04500 | ||
|---|---|---|---|
| 001 | 47144 | ||
| 003 | |||
| 040 | |||
| 100 | |a Lund-Thomsen, Peter | ||
| 245 | |a Labour in global value chains: |b work conditions in football manufacturing in China, India and Pakistan / |c Peter Lund-Thomsen, Khalid Nadvi, Anita Chan, Navjote Khara, Hong Xue | ||
| 700 | |a Nadvi, Khalida | ||
| 700 | |a Chan, Anita | ||
| 700 | |a Khara, Navjote | ||
| 700 | |a Xue, Hong | ||
| 773 | |g volumen43, número6, (2012), páginas 1211-1237 : tablas, gráfico | ||
| 999 | |c 20267 |d 20267 | ||
